Bản án chủ nghĩa thực dân pháp ở Việt Nam

保存先:
書誌詳細
第一著者: Không rõ
フォーマット: 図書
言語:Vietnamese
出版事項: Lao Động 1997
タグ: タグ追加
タグなし, このレコードへの初めてのタグを付けませんか!
Thư viện lưu trữ: Mạng thư viện Đại học Đà Nẵng
LEADER 00637nam a2200277 4500
001 000025968
003 1509
005 20150325120000.0
008 150325s vm 000 vie
020 |c 16000,0000 
040 |a D1 
100 |a Không rõ 
245 |a Bản án chủ nghĩa thực dân pháp ở Việt Nam 
260 |b Lao Động  |c 1997 
300 |a 188tr. ; 
OWN |a LTT 
999 |a From the UDN01 
TYP |a Monograph 
TYP |a Printed language 
980 |a Mạng thư viện Đại học Đà Nẵng